00790cam a22002297a 4500003000500000005001700005008004100022010001000063011001000073035001000083040000900093100004200102245015600144260004000300300001100340502008100351650002800432650002800460650002300488650002300511650002600534CHAP20220329142316.0000606d1998 mx r 00110 spa d a81408 a82380 a92872 cCHAP00aEspinoza Arellano, José de Jesús.10aMéxico-U.S.-Caribbean nations melon trade :ba simulation analysis of economic forces and government policiescby José de Jesús Espinoza Arellano aSaltillo, Coah. :bEl autor,c1998. a188 h. aTesis (Doctor of Philosophy) -- Universidad Autónoma Agraria Antonio Narro14aMelónxExportación.14aMelónxImportación.14aMelónxMercadeo.14aMelónxMéxico.14aMelónxRendimiento.